| 000 | 00888nam0a22002291 4500 | ||
|---|---|---|---|
| 001 | rc\3935868 | ||
| 005 | 20130415113359.3 | ||
| 035 | _a(NLR Aleph) 007917552 | ||
| 090 |
_a8136934 _c8136934 |
||
| 100 | _a20130415d1956 |||y0rusy50 ca | ||
| 101 | 0 | _arus | |
| 102 | _aRU | ||
| 105 | _ay cj ||||| | ||
| 200 | 1 |
_aМетодические указания по курсу "Планирование народного хозяйства" на 1956/57 учебный год _fСост. канд. экон. наук С.Г. Гурович _gВсесоюз. заоч. фин. ин-т М-ва высш. образ. СССР |
|
| 210 |
_aМосква _cБ. и. _d1956 |
||
| 215 |
_a36 с. _d21 |
||
| 700 | 1 |
_aГурович _bС. Г. _gСоломон Григорьевич _4220 |
|
| 801 | 0 |
_aRU _bNLR _gpsbo |
|
| 801 | 1 |
_aRU _bELAR _2rusmarc |
|
| 852 |
_aNLR _jЭк30 Г-4/695 |
||
| 942 | _cBOOK | ||
| 980 | _aNB | ||